[Event "33rd ECCC Open 2017"]
[Site "Antalya"]
[Date "2017.10.11"]
[Round "2"]
[White "Georgescu, Tiberiu-Marian"]
[Black "Khismatullin, Denis"]
[Result "0-1"]
[WhiteElo "2459"]
[BlackElo "2628"]
[Annotator "TA"]
[PlyCount "58"]
[EventType "team-tourn"]
[EventCountry "TUR"]
[SourceTitle "playchess.com"]
[Source "ChessBase"]
[SourceQuality "1"]
[WhiteTeam "Baia Mare"]
[BlackTeam "Globus"]

{[%evp 9,58,33,35,12,6,2,28,14,29,31,52,36,109,38,32,24,65,87,77,58,51,23,69,67,59,0,0,-23,-37,-44,-37,-139,0,0,0,-301,-292,-436,-427,-407,-406,-388,-378,-474,-488,-1007,-983,-1959,-1667,-29981,-29981]} 1. d4 Nf6 2. c4 e6 3. Nc3 Bb4 4. Qc2 b6 5. e4 c5 6. d5 {E32: Nimzo-Indian: Classical (4 Qc2): 4...0-0} Qe7 7. Be2 {next e5 is good for White.} (7. Nge2 exd5 8. exd5 O-O 9. Bd2 Bxc3 10. Qxc3 Ne4 11. Qe3 Re8 12. O-O-O b5 13. Ng3 Nxd2 14. Qxe7 Rxe7 15. Kxd2 bxc4 16. Bxc4 {1-0 (59) Rakhmanov,A (2670)-Rozum,I (2573) Sochi 2017}) 7... exd5 8. exd5 {White has an edge.} Qe4 9. Qd2 Bxc3 10. Qxc3 O-O (10... d6 $14) 11. Nf3 $146 (11. Bg5 $16) ({Predecessor:} 11. Bg5 Ng4 12. Nf3 b5 13. h3 Re8 {0-1 (63) O'Donnell,C (2342)-Svane,R (2560) chess.com INT 2017}) 11... d6 $14 ({But not} 11... Re8 $6 12. O-O $16) 12. Bg5 Bf5 13. Bxf6 gxf6 14. O-O-O Nd7 ({Don't play} 14... Qxe2 15. Rhe1 $16) 15. Rhe1 Rfe8 16. g3 {[%cal Bg2g3,Bg3g4][%mdl 32] [#]} b5 $1 {[%mdl 512]} 17. Nd2 (17. cxb5 $14 Qb1+ 18. Kd2) 17... Qg2 $11 18. g4 Qxf2 19. gxf5 Re3 $1 $36 {[%cal Re3c3][%mdl 2048] White is under pressure.} 20. Rg1+ {[#]} (20. Qc2 $1 $15 Rxe2 21. Rxe2 Qxe2 22. Ne4) 20... Kh8 ({Black should try} 20... Kf8 $1 $17 21. Bd3 Ne5) 21. Bd3 {Threatens to win with Ne4.} Ne5 $1 22. Rgf1 $2 {[%mdl 8192]} (22. Ne4 $11 Qf4 23. Rgf1 Nxd3+ 24. Kb1) 22... Qh4 $19 23. Nf3 (23. cxb5 $142 Rxd3 24. Qc2) 23... Nxf3 24. cxb5 Ne5 25. Qc2 Rg8 26. Kb1 c4 27. Be2 (27. Bxc4 $142 Nxc4 28. Rc1) 27... Rg2 28. Rd2 Qxh2 29. Re1 Nf3 {Precision: White = 27%, Black = 68%.} 0-1

[Event "33rd ECCC Open 2017"]
[Site "Antalya"]
[Date "2017.10.09"]
[Round "2"]
[White "Tratar, Marko"]
[Black "Costachi, Mihnea"]
[Result "1/2-1/2"]
[WhiteElo "2456"]
[BlackElo "2425"]
[Annotator "TA"]
[PlyCount "73"]
[EventType "team-tourn"]
[EventCountry "TUR"]
[SourceTitle "playchess.com"]
[Source "ChessBase"]
[SourceQuality "1"]
[WhiteTeam "Bonnevoie"]
[BlackTeam "Adare"]

{[%evp 15,73,23,21,0,2,13,13,14,10,8,14,6,34,35,32,26,47,56,49,52,52,38,54,48,66,66,114,68,123,85,128,64,88,16,78,72,79,0,0,0,0,-3,129,66,62,62,67,68,60,0,0,0,0,-5,0,-8,0,-8,0,-9]} 1. Nf3 d5 2. g3 Nc6 3. d4 Bf5 4. Bg2 Nb4 5. Na3 e6 6. c3 {D02: 1 d4 d5 2 Nf3 sidelines, including 2...Nf6 3 g3 and 2...Nf6 3 Bf4} (6. O-O h6 7. Ne5 Nf6 8. c3 Na6 9. f3 Be7 10. e4 Bh7 11. Nc2 O-O 12. Qe2 c5 13. Kh1 Rc8 14. Bf4 cxd4 15. cxd4 {0-1 (36) Rozum,I (2590)-Morozevich,A (2676) Sochi 2017}) 6... Nc6 7. Nc2 Be7 8. O-O Nf6 {LiveBook: 4 Games} 9. b3 O-O 10. Bb2 Be4 11. Nce1 $146 ({Predecessor:} 11. a4 Na5 12. Na3 Nd7 13. Nb1 {0-1 (29) Bove Quist,V (2290)-Rewitz,P (2340) Denmark 2000}) 11... a5 12. a4 Nd7 13. Bh3 Bf6 14. Nd2 Bg6 15. Ng2 Bf5 16. Bxf5 exf5 17. Nf4 Ne7 18. e3 c6 19. Qc2 Rc8 20. Ba3 c5 21. Qd3 Qc7 (21... Re8 $14) 22. Rac1 Rfd8 23. Rfd1 (23. c4 $16) 23... b6 24. Qb5 ({Better is} 24. c4 $16) 24... Nf8 (24... g5 $11) 25. c4 {Threatens to win with dxc5.} Ne6 26. Nxd5 (26. dxc5 $16 bxc5 27. cxd5 Nxd5 28. Nxe6 fxe6 29. Qc4 (29. Qxc5 $2 Nc3 $19) (29. Rxc5 Rb8 $14)) 26... Nxd5 $11 27. cxd5 Rxd5 28. Nc4 Qd8 (28... Rb8 $11) 29. Qxb6 (29. Nxb6 $16 Rb8 30. Nxd5 Rxb5 31. Nxf6+ gxf6 32. axb5 cxd4 33. Bb2) 29... cxd4 $14 30. Qxd8+ Bxd8 31. exd4 Rxd4 32. Nd6 (32. Bb2 $14 Rxd1+ 33. Rxd1) 32... Rxd1+ $11 {The position is equal.} 33. Rxd1 Rc3 34. Rb1 Nd4 35. Rd1 Ne6 36. Rb1 Nd4 37. Rd1 {Precision: White = 46%, Black = 22%.} 1/2-1/2

[Event "33rd ECCC Open 2017"]
[Site "Antalya"]
[Date "2017.10.09"]
[Round "2"]
[White "Varga, Zoltan"]
[Black "Valsecchi, Alessio"]
[Result "1/2-1/2"]
[WhiteElo "2451"]
[BlackElo "2508"]
[Annotator "TA"]
[PlyCount "73"]
[EventType "team-tourn"]
[EventCountry "TUR"]
[SourceTitle "playchess.com"]
[Source "ChessBase"]
[SourceQuality "1"]
[WhiteTeam "Dunajska Streda"]
[BlackTeam "Padova"]

{[%evp 15,73,0,10,-5,-5,-14,-19,-15,-18,-20,-6,-58,-18,-34,0,-20,0,-6,-10,0,0,-12,-8,-8,-8,-14,0,-25,0,0,0,0,0,0,0,0,0,0,0,0,0,0,0,0,0,0,0,0,0,0,0,0,8,8,8,8,8,0,8,8]} 1. c4 e6 2. Nf3 Nf6 3. g3 d5 4. Bg2 dxc4 5. Qa4+ Bd7 6. Qxc4 {A13: English Opening: 1...e6} c5 7. Ne5 Qc8 8. b3 (8. Qd3 Nc6 9. Nxd7 Nxd7 10. Qb3 Be7 11. Nc3 O-O 12. O-O Rd8 13. d3 Nb6 {½-½ (31) Aronian,L (2799)-Ding,L (2777) Tbilisi 2017}) 8... Nc6 {LiveBook: 8 Games} 9. f4 $146 ({Predecessor:} 9. Nxd7 Qxd7 10. Bb2 Be7 11. O-O O-O 12. Rd1 Rac8 13. Nc3 b6 14. Rac1 Rfd8 15. Qa4 h6 16. d3 Kf8 17. Rd2 Kg8 18. Rdd1 Kf8 19. Rd2 Kg8 20. Rdd1 {½-½ (20) Blomqvist,E (2515)-Movsesian,S (2660) Teplice 2016}) 9... Be7 10. O-O O-O 11. Bb2 Rd8 12. e3 Be8 13. a3 (13. Qe2 $11) 13... b5 14. Qc2 Rb8 15. Rc1 Nd5 16. Nc3 Nxc3 17. Bxc3 f6 18. Nxc6 Bxc6 19. d4 Bxg2 20. Qxg2 Qa6 21. b4 cxd4 22. Bxd4 {The position is equal.} Rbc8 23. Qb2 Qb7 24. Rxc8 Rxc8 25. Rc1 a6 26. Rxc8+ Qxc8 27. Qc3 Qxc3 28. Bxc3 $11 {[%mdl 4096] Endgame KB-KB} Bd6 29. e4 e5 30. f5 Bc7 31. Kg2 Bb6 32. Kf3 Kf7 33. g4 h6 34. Bd2 Bd4 35. Bc1 Ke7 36. h4 Kf7 37. h5 {Precision: White = 55%, Black = 66%.} 1/2-1/2

[Event "33rd ECCC Open 2017"]
[Site "Antalya"]
[Date "2017.10.11"]
[Round "2"]
[White "Petenyi, Tamas"]
[Black "Vocaturo, Daniele"]
[Result "0-1"]
[WhiteElo "2449"]
[BlackElo "2607"]
[Annotator "TA"]
[PlyCount "282"]
[EventType "team-tourn"]
[EventCountry "TUR"]
[WhiteTeam "Dunajska Streda"]
[BlackTeam "Padova"]

{[%evp 19,282,-8,0,-30,-12,-29,-28,-48,-49,-59,-52,-52,-40,-90,-73,-56,-89,-59,-70,-68,-68,-150,-159,-155,-151,-172,-149,-152,-157,-213,-203,-214,-198,-175,-140,-144,-106,-173,-151,-118,-114,-154,-154,-154,-154,-157,-162,-152,-114,-114,-114,-113,-107,-107,-100,-107,-102,-108,-103,-117,-120,-166,-160,-169,-160,-157,-154,-169,-169,-169,-169,-169,-169,-169,-169,-169,-162,-168,-154,-169,-169,-169,-152,-169,-169,-169,-169,-169,-169,-169,0,-161,-161,-161,-161,-169,-169,-169,-169,-177,-169,-169,-169,-169,-155,-169,-169,-205,-201,-256,-169,-169,-169,-169,-169,-169,-169,-161,-161,-169,-169,-169,-127,-169,-169,-169,-169,-174,-169,-169,-169,-169,-169,-169,-169,-169,-169,-169,-169,-216,-169,-169,-169,-169,-169,-169,-169,-169,-169,-169,-169,-169,-169,-169,-169,-169,-169,-169,-169,-216,-216,-216,-216,-216,-216,-216,-216,-216,-216,-216,-216,-216,-216,-216,-216,-216,-216,-216,-216,-216,-216,-216,-216,-216,-216,-216,-216,-216,-216,-463,-462,-453,-400,-350,-309,-309,0,-305,-279,-246,-216,-216,-216,-277,-248,-954,-216,-216,-216,-216,-216,-216,-216,-216,-216,-637,-216,-216,-216,-335,-328,-328,-327,-29961,-29961,-29949,-29954,-12825,-1639,-29972,-29972,-29976,-29976,-29976,-29977,-29976,-29978,-29978,-29979,-29986,-29979,-29979,-29979,-29987,-29988,-29988,-29988,-29989,-29990,-29990,-29991,-29991,-29992,-29992,-29992,-29992,-29993,-29993,-29993,-29994,-29993,-29995,0,-29996,-1008]} 1. e4 e5 2. Nf3 Nc6 {[%cal Bb8c6,Bc6e7,Be7g6,Bg6e5,Be5f3][%mdl 32]} 3. Bb5 Nf6 4. d3 Bc5 5. c3 O-O 6. O-O d6 7. Nbd2 Ne7 {C65: Ruy Lopez: Berlin Defence (3...Nf6), unusual lines and 4 0-0 Bc5} 8. d4 exd4 9. cxd4 Bb6 10. Bd3 Bg4 {LiveBook: 14 Games} 11. d5 $146 ({Predecessor:} 11. h3 Bh5 12. Qb3 Nc6 13. d5 Nb8 14. Re1 Nbd7 15. Qc3 {1-0 (36) Piorun,K (2655)-Swiercz,D (2665) Poznan 2016}) 11... Ng6 12. h3 Ne5 13. Be2 Bxf3 14. Bxf3 Nxf3+ 15. Qxf3 Qe7 16. Qd3 Rae8 {[%cal Rf6e4]} 17. Re1 Nd7 $36 {[%cal Bf6d7,Bd7e5,Be5d3][%mdl 2080] And now ...f5! would win. Black is really pushing.} 18. Nc4 {[#]} f5 $1 {[%mdl 512]} 19. Nxb6 (19. exf5 Qxe1+) 19... fxe4 20. Qa3 ({White should try} 20. Nc8 $15 Qf7 21. Qc2 Rxc8 22. Rxe4) 20... axb6 $17 21. Be3 Qf7 22. Red1 Ne5 23. Rac1 Re7 24. Qa7 (24. Rd4 $17 {might work better.}) 24... Nd3 $19 25. Qxb7 Nxc1 26. Rxc1 c5 27. Qc6 Rd7 28. a4 (28. Rc3 $17) 28... h6 29. b4 Qe7 30. a5 bxa5 ({Inferior is} 30... cxb4 31. axb6 Rdd8 32. Qc4 $11) 31. bxc5 {[#]} Rfd8 $1 32. Qb5 dxc5 33. Rxc5 Qf7 {[%cal Rd7d5]} 34. Qxa5 Rxd5 35. Qc7 Qf6 36. Rc4 Qe6 (36... R5d7 {is more complex.} 37. Qc5 Re7 38. Ra4 Kh7 39. Kh2 Re6) 37. Kh2 R5d7 (37... R5d6 {feels hotter.} 38. Ra4 Kh7 39. Bf4 Rd4 40. Ra5 R4d7) 38. Qc5 Rf7 39. Rc1 Kh7 40. Kg1 Rd5 41. Qb4 Qe5 42. Qa4 Rfd7 43. Re1 Rd3 44. Bb6 Re7 45. Be3 Re6 46. Rc1 Red6 47. Re1 Rg6 48. Qc2 Qd5 49. Qa4 Rc6 50. Kh2 Rc4 51. Qa1 Rc2 52. Kg1 Rc6 53. Qa4 Rd6 54. Kh2 Rg6 55. Kg1 Qf5 56. Kh2 Qe5+ 57. Kg1 Rd5 58. Qc2 Ra5 59. Qd1 Rd6 60. Qc1 {Threatening Bf4.} Rda6 61. Bf4 Qf5 62. Be3 Ra2 63. Qc3 Rg6 64. Kf1 Raa6 65. Qc7 Rad6 66. Qc5 Rd5 67. Qc7 Qh5 {White must now prevent ...Rd1.} 68. Qc2 Rd3 69. Qa4 Qf5 70. Qc2 Ra3 71. Qc1 Rga6 72. Kg1 Qf6 73. Qc2 R6a4 74. Qc7 Ra1 75. Rxa1 Rxa1+ {[%mdl 4096] Endgame KQR-KQB} 76. Kh2 Rd1 77. Bf4 Rd5 78. Bg3 Qe6 79. Qf4 Rf5 80. Qe3 Qd5 81. Qc3 Rf7 82. Qc8 Rf6 83. Qc2 Ra6 84. Qe2 Ra3 85. Bf4 Ra2 86. Qe3 Rc2 87. Bg3 Rd2 88. Qf4 Rd3 89. Qf8 e3 90. fxe3 Rxe3 91. Qf2 Qe4 92. Bf4 Re2 93. Qg3 Qd4 94. Bb8 Re6 95. Qb3 Qe4 96. Qg3 Rf6 97. Bc7 Rf5 98. Bb8 Qd4 {Threatens to win with ...Rf1.} 99. Qe1 Qd3 100. Qe7 Rf2 101. Be5 {[%csl Ge5][%cal Re7g7]} Qg6 {[%csl Gf2][%cal Rg6g2]} 102. Bg3 Rc2 {( -> ...Qc6)} 103. Qe1 Qc6 {[%csl Gc2][%cal Rc6g2]} 104. Qf1 $2 (104. Bf2) 104... Qe4 105. Bb8 Rb2 106. Bg3 Re2 107. Kh1 Rb2 {aiming for ...Rb1.} 108. Kh2 Rd2 109. Bb8 Qc2 110. Qf3 Rd1 111. Be5 {intending Qg4.} Qb1 112. Bc3 $2 (112. Bc7) 112... Rh1+ $2 (112... Qb8+ 113. g3 Qb1) 113. Kg3 Qg6+ 114. Qg4 Qxg4+ 115. Kxg4 {KR-KB} Rd1 116. Be5 Rd3 117. Kf4 $2 (117. Kh4) 117... Kg6 $2 (117... g5+ 118. Ke4 Rd2) 118. Ke4 Rb3 119. Bf4 (119. Kf4 {was forced.}) 119... Kh5 120. Be3 g5 121. g3 $2 (121. Bf2 $19) 121... Kg6 122. Bf2 h5 {[%cal Bh6h5,Bh5g4][%mdl 32]} 123. Be3 Rb4+ 124. Kf3 Kf5 125. Ba7 Rb3+ 126. Be3 {[#]} g4+ $1 127. hxg4+ hxg4+ 128. Kf2 Rb2+ 129. Kg1 Ra2 130. Bf4 Ke4 131. Bd6 Kf3 132. Bc7 Ra1+ 133. Kh2 Kf2 134. Bb6+ Kf1 135. Kh1 Ra3 136. Kh2 Ra8 {[%cal Ra8h8]} 137. Bd4 Ra5 {[%cal Ra5h5]} 138. Bf6 Rh5+ 139. Bh4 Kf2 140. Kh1 {[#]} Rxh4+ $1 {[%mdl 512]} 141. gxh4 g3 {Precision: White = 52%, Black = 78%.} 0-1

[Event "33rd ECCC Open 2017"]
[Site "Antalya"]
[Date "2017.10.09"]
[Round "2"]
[White "Wells, Peter K"]
[Black "Aslan, Lina"]
[Result "1-0"]
[WhiteElo "2447"]
[BlackElo "1535"]
[Annotator "TA"]
[PlyCount "43"]
[EventType "team-tourn"]
[EventCountry "TUR"]
[SourceTitle "playchess.com"]
[Source "ChessBase"]
[SourceQuality "1"]
[WhiteTeam "White Rose"]
[BlackTeam "Hatay"]

{[%evp 16,43,24,19,19,27,24,21,108,117,235,238,241,237,254,228,263,266,658,659,648,635,959,770,1874,1714,12833,12833,29995,29996]} 1. d4 d5 2. c4 c6 3. Nf3 Nf6 4. Nc3 e6 5. e3 Nbd7 6. Qc2 Bd6 7. Bd3 O-O 8. O-O Re8 9. Rd1 e5 {D46: Semi-Slav: 5 e3 Nbd7 6 Bd3, Black avoids the Meran} 10. cxd5 cxd5 {[#] Hoping for ...e4.} 11. e4 dxe4 $146 (11... exd4 $11 {remains equal.} 12. Nxd5 (12. Nxd4 dxe4 13. Be2 Qc7 $11) 12... Nxd5 13. exd5 Nf6) ({Predecessor:} 11... exd4 12. Nxd5 Nxd5 13. exd5 Ne5 14. Bxh7+ Kh8 15. Nxe5 Rxe5 16. Bd3 Qf6 17. f4 Rxd5 18. Qe2 Be6 19. Be4 d3 20. Qf2 {½-½ (20) Schreiber,E (2406)-Teeriaho,T (2408) ICCF email 2012}) 12. Nxe4 $16 Bb8 (12... Nxe4 $16 {keeps fighting.} 13. Bxe4 g6) 13. Nxf6+ $18 Qxf6 14. Bxh7+ Kh8 {intending ...g6.} 15. Bg5 Qb6 16. Bf5 g6 $2 (16... e4 17. Bxe4 Nf6) 17. Bxd7 Bxd7 18. dxe5 Bf5 19. Qc4 {[#] Bf6+ is the strong threat.} Bxe5 20. Nxe5 Rxe5 21. Qxf7 {Intending Bf6+ and mate.} Re6 22. Rd7 1-0

[Event "33rd ECCC Open 2017"]
[Site "Antalya"]
[Date "2017.10.12"]
[Round "2"]
[White "Sulava, Nenad"]
[Black "Goganov, Aleksey"]
[Result "1/2-1/2"]
[WhiteElo "2442"]
[BlackElo "2571"]
[Annotator "TA"]
[PlyCount "98"]
[EventType "team-tourn"]
[EventCountry "TUR"]
[WhiteTeam "Nice Alekhine"]
[BlackTeam "Mednyi Vsadnik"]

{[%evp 19,98,-40,-21,-135,-11,-136,-141,-164,-136,-139,-152,-142,-133,-143,-17,-17,62,68,58,31,63,83,68,-40,6,-53,-53,-27,-35,-45,-35,-102,-99,-131,-102,-152,-111,-161,-163,-165,-153,-166,-171,-250,-225,-347,-333,-342,-331,-470,-310,-401,-410,-405,-365,-635,-609,-577,-610,-475,-208,-185,0,-170,-168,-150,0,0,0,0,0,0,0,0,0,0,0,0,0,0,0]} 1. d4 d5 2. c4 c6 3. Nf3 Nf6 4. Nc3 e6 5. Bg5 {[%cal Bc1g5,Bg5h4,Bh4g3][%mdl 32]} h6 6. Bh4 dxc4 7. e4 {[%cal Be2e4,Be4e5][%mdl 32]} g5 8. Bg3 b5 9. e5 Nd5 10. Nd2 Qa5 {LiveBook: 6 Partien. D44: Damengambit (Botwinnik-Variante)} 11. Be2 $146 (11. Nde4 $11 {bleibt in der Remisbreite.}) ({Vorgänger:} 11. Nde4 Nd7 12. Be2 b4 13. Nb1 Ba6 14. O-O Rb8 15. Nbd2 c3 16. bxc3 bxc3 17. Nb3 Bxe2 18. Qxe2 {½-½ (37) Boger,R (2654)-Rogos,J (2473) ICCF email 2011}) 11... Bb4 (11... Nxc3 $17 12. bxc3 Qxc3) 12. Rc1 (12. Nce4 $11 {hält das Gleichgewicht.}) 12... Nxc3 $17 {Schwarz steht deutlich besser.} 13. bxc3 Bxc3 14. Rxc3 Qxc3 15. O-O Qxd4 16. Qc1 Na6 (16... O-O $17 {Weiss muss nun ...Sa6 beachten.} 17. Rd1 Na6 18. Nxc4 Qc5) 17. Rd1 $1 $11 {[%cal Rd2c4]} Kf8 (17... O-O $11 18. Nxc4 Qc5) 18. Nxc4 $1 $14 Qc5 $1 19. Qd2 $1 {[%cal Rd2d8] Droht Matt per Dd8+.} Qe7 20. Nd6 Nc7 21. Bh5 ({Lieber} 21. f4 $1 $14) 21... Nd5 22. Bxf7 (22. Qd3 $11) 22... Rh7 $1 $15 {[%cal Rh7f7]} 23. Bg6 {zielt auf Dc2 ab.} Rg7 24. Bc2 Bd7 25. Re1 (25. Bb3 $15) 25... Kg8 $17 26. Qd4 Rf8 27. Qxa7 h5 {...h4 ist eine echte Drohung.} 28. h3 h4 29. Bh2 g4 30. hxg4 Rxg4 31. Kh1 (31. Qa3 $142) 31... Rg7 $1 $19 32. Ne4 (32. Be4 {war nötig.}) 32... Qb4 33. Rg1 Be8 34. Qa6 (34. Qc5 $142) 34... Qd4 35. Qa3 Bg6 36. f3 {Wenn Weiss jetzt Zeit für Dd6 hätte...} b4 37. Qc1 $2 (37. Qb3 Bxe4 38. Bxe4) 37... Bxe4 38. Bxe4 Nc3 39. Bc2 h3 (39... c5 $142 40. Qh6 Qd5 41. Qxh4 c4) 40. Qh6 {[#]} Qd7 $2 ({Günstiger ist} 40... Rff7 $1 $19 41. Bg6 Ne2 42. Bxf7+ Rxf7 43. Qg6+ Kf8 44. Qh6+ Ke7 45. Qg5+ Kd7) 41. Qxh3 $2 (41. gxh3 $11 Rxg1+ 42. Bxg1) 41... Nd5 42. Rd1 {[#]} Qe7 ({Besser ist} 42... Ra8 $1 $17 {[%cal Ra8a2]} 43. Bb1 c5) 43. Rd4 $1 $11 {[%cal Rd4h4] Und weiter mit Th4 wäre nett.Die Stellung ist ausgeglichen.} Qc5 44. Qxe6+ Rff7 45. Qe8+ Rf8 $1 {[%cal Rf8e8]} 46. Qe6+ Rff7 47. Qe8+ Rf8 $1 {[%cal Rf8e8]} 48. Qe6+ Rff7 49. Qe8+ Rf8 $1 {Precision: Weiß = 37%, Schwarz = 63%.} 1/2-1/2

[Event "33rd ECCC Open 2017"]
[Site "Antalya"]
[Date "2017.10.09"]
[Round "2"]
[White "Schoppen, Casper"]
[Black "Persson, Mats"]
[Result "1/2-1/2"]
[WhiteElo "2440"]
[BlackElo "2292"]
[Annotator "TA"]
[PlyCount "90"]
[EventType "team-tourn"]
[EventCountry "TUR"]
[SourceTitle "playchess.com"]
[Source "ChessBase"]
[SourceQuality "1"]
[WhiteTeam "Leiden"]
[BlackTeam "Oslo"]

{[%evp 26,90,41,43,43,41,43,40,50,38,54,51,52,52,50,50,51,48,52,53,74,45,58,55,64,20,19,18,28,31,31,26,51,33,83,82,107,98,108,108,111,112,133,105,130,115,120,58,58,58,58,48,58,0,58,58,60,49,49,49,49,49,49,49,49,49,49]} 1. d4 Nf6 2. c4 e6 3. Nf3 Bb4+ 4. Nbd2 b6 5. a3 Bxd2+ 6. Qxd2 Bb7 7. e3 O-O 8. Be2 d6 9. b4 a5 {E14: Queen's Indian: Classical Variation (4 e3)} 10. Bb2 axb4 11. axb4 Rxa1+ 12. Bxa1 Nbd7 13. O-O Qe7 14. Bb2 {LiveBook: 10 Games} Ra8 15. Ra1 Rxa1+ 16. Bxa1 Qe8 17. Qa2 Qa8 18. Qxa8+ Bxa8 19. Nd2 {[#]} Ne4 $146 ({Predecessor:} 19... Kf8 20. f3 c5 21. bxc5 bxc5 {½-½ (21) Arnold,M (2445)-Sokolov,A (2579) Biel 2011}) 20. Nb1 f5 21. f3 Nef6 22. Nc3 Kf8 23. Kf2 Ke7 24. Bb2 c5 25. dxc5 bxc5 26. b5 Nb6 27. Nb1 e5 28. Nd2 Bb7 29. Bc3 Ke6 30. Ba5 Nfd7 31. e4 f4 32. Nb1 Ke7 33. Nc3 g5 34. g3 h6 35. Bd3 Kf6 36. g4 ({Better is} 36. Ke2 $16) 36... Ke7 $14 37. Ke2 Kd8 38. Bc2 Kc7 39. Bd3 (39. h4 $14) 39... Ba8 (39... Kd8 $1 $11) 40. h4 {White is slightly better.} Bb7 41. h5 Ba8 42. Kd2 Bb7 43. Kc2 Ba8 44. Be2 Bb7 45. Bf1 Ba8 {Precision: White = 54%, Black = 61%.} 1/2-1/2

[Event "33rd ECCC Open 2017"]
[Site "Antalya"]
[Date "2017.10.09"]
[Round "2"]
[White "Valeanu, Eduard-Andrei"]
[Black "Bjarnason, Oskar"]
[Result "1-0"]
[WhiteElo "2423"]
[BlackElo "2245"]
[Annotator "TA"]
[PlyCount "61"]
[EventType "team-tourn"]
[EventCountry "TUR"]
[SourceTitle "playchess.com"]
[Source "ChessBase"]
[SourceQuality "1"]
[WhiteTeam "Adare"]
[BlackTeam "Bonnevoie"]

{[%evp 16,61,21,16,24,-30,4,-38,166,164,197,204,170,108,184,189,235,239,281,252,379,377,370,381,374,359,317,254,256,242,370,349,410,410,550,535,660,469,788,800,786,784,775,775,29984,29985,29998,29999]} 1. e4 d5 2. exd5 Nf6 3. d4 Bg4 4. f3 Bf5 5. Bb5+ Nbd7 6. c4 e6 7. dxe6 Bxe6 8. d5 Bf5 9. Ne2 {LiveBook: 7 Partien. B01: Skandinavische Verteidigung} (9. Nc3 Bc5 10. Qe2+ Qe7 11. Bf4 O-O-O 12. Qxe7 Bxe7 13. O-O-O Nb6 14. a4 Bb4 15. Na2 Be7 16. a5 Nbd7 17. b4 {1-0 (63) Oparin,G (2626)-Moskalenko,A (2490) Moscow 2016}) 9... Bc5 {...0-0 ist eine echte Drohung.} 10. Nbc3 ({Günstiger ist} 10. Ng3 Qe7+ 11. Qe2) 10... Qe7 11. g4 $146 {Die Stellung ist ausgeglichen.} ({Vorgänger:} 11. Bg5 O-O-O 12. Qd2 Ne5 13. Kf1 a6 14. b4 Bxb4 15. Ba4 Bd3 16. Rc1 Bxc4 {0-1 (26) Weinitschke,G (2345)-Azevedo,J (2320) ICCF corr 1996}) 11... Nxg4 $2 (11... Bg6 $1 $15) 12. fxg4 $18 Qh4+ 13. Ng3 Bxg4 14. Qd3 (14. Bxd7+ $1 $18 Kxd7 15. Qa4+ Kc8 16. Nce4) 14... O-O-O {[#]} (14... O-O $16 {war nötig.} 15. Bxd7 Bxd7) 15. Bxd7+ $1 Rxd7 {[#]} 16. Kd2 $1 f5 17. Kc2 g5 (17... Bh3 $142 18. Be3 Bxe3) 18. Be3 Bxe3 19. Qxe3 b6 20. Qe5 Rf8 21. Nge2 {[%cal Bg3e2,Be2d4,Bd4c6][%mdl 32]} f4 22. Nd4 Qh5 (22... f3 {ist wohl besser.} 23. h3 Bh5) 23. h4 h6 24. hxg5 Qg6+ 25. Kb3 hxg5 26. Nc6 {Schwarz muss nun Th8 beachten.} Kb7 (26... Qg7 $142 27. Nxa7+ Kb7) 27. Rh8 {[%cal Bh1h8,Bh8d8,Bd8b8][%mdl 32]} Rdf7 28. Nd8+ Rxd8 29. Rxd8 f3 30. Qe8 Rg7 31. Rb8+ {Precision: Weiß = 58%, Schwarz = 33%.} 1-0

[Event "33rd ECCC Open 2017"]
[Site "Antalya"]
[Date "2017.10.11"]
[Round "2"]
[White "Kazakovskiy, Valeriy"]
[Black "Brynell, Stellan"]
[Result "1/2-1/2"]
[WhiteElo "2420"]
[BlackElo "2415"]
[Annotator "TA"]
[PlyCount "49"]
[EventType "team-tourn"]
[EventCountry "TUR"]
[SourceTitle "playchess.com"]
[Source "ChessBase"]
[SourceQuality "1"]
[WhiteTeam "MAKABI"]
[BlackTeam "Nordkalotten"]

{[%evp 19,49,21,36,32,27,0,0,0,0,-20,-16,-23,-23,-17,-25,-18,-15,-36,0,0,0,0,0,0,0,0,0,0,0,0,0,0]} 1. d4 Nf6 2. Nf3 e6 3. c4 b6 4. g3 Bb4+ 5. Bd2 Bxd2+ 6. Qxd2 Ba6 7. b3 d5 8. Bg2 {E15: Queen's Indian: 4 g3 sidelines, 4 g3 Ba6 and 4 g3 Bb7 early deviations} O-O 9. O-O c5 (9... c6 10. Rc1 Nbd7 11. a4 Rc8 12. Na3 Bb7 13. b4 c5 14. cxd5 Bxd5 15. dxc5 bxc5 16. b5 c4 17. Qb4 Bxf3 18. Bxf3 {1-0 (46) Inarkiev,E (2732)-Hou,Y (2658) Petropavlovsk Kamchatsky 2016}) 10. Nc3 Nc6 {LiveBook: 3 Games} 11. Rfd1 dxc4 12. Ne5 Nxd4 13. e3 Nf5 14. Bxa8 Qxa8 15. bxc4 Ne4 {[#]} 16. Qd3 $146 Nxc3 17. Qxc3 f6 18. Qa3 fxe5 19. Qxa6 {[#] And now Rd7 would win.The position is equal.} Nxe3 20. fxe3 Qf3 21. Rf1 Qxe3+ 22. Kg2 {Threatening mate with Rxf8+.} Qe2+ 23. Kg1 {[#] Black must now prevent Rxf8+.} Qe3+ 24. Kg2 {White wants to mate with Rxf8+.} Qe2+ 25. Kg1 1/2-1/2